Finančné prostriedky zo štátneho rozpočtu - pre školy a školské zariadenia

Nariadenie vlády SR č. 598/2009 Z.z. Cieľ nariadenia, prínos nariadenia. Znenie a komentár nariadenia vlády SR č. 598/2009 Z.z. Komentáre k zmenám v jednotlivých paragrafoch. Prílohy.

Enregistré dans:
Détails bibliographiques
Auteur principal: Matula, Ján
Format: Chapitre de livre
Langue:slovaque
Sujets:
Tags: Ajouter un tag
Pas de tags, Soyez le premier à ajouter un tag!

MARC

LEADER 00000naa$a2200000$$$4500
001 0115537
005 20231120114710.7
041 0 |a slo 
044 |a SK 
245 1 0 |a Finančné prostriedky zo štátneho rozpočtu - pre školy a školské zariadenia  |c Ján Matula 
520 |a Nariadenie vlády SR č. 598/2009 Z.z. Cieľ nariadenia, prínos nariadenia. Znenie a komentár nariadenia vlády SR č. 598/2009 Z.z. Komentáre k zmenám v jednotlivých paragrafoch. Prílohy. 
610 2 0 |a školy 
610 2 0 |a zariadenia školské 
610 2 0 |a financie 
610 2 0 |a rozpočet štátny 
610 2 0 |a zákony 
610 2 0 |a komentáre 
610 2 0 |a Slovensko 
100 1 |a Matula, Ján